000 00619nam a2200241Ia 4500
001 720
005 20240113233426.0
007 ta
008 050124s1957 a g b000 u eng u
020 _cHB
040 _aRef. stack
041 _aeng
082 _a954.082
_bMa 289 Se
100 _aMajumdar, R. C .
245 0 _aSepoy Mutiny and the revolt of 1857 /
_cR. C. Majumdar.
_hTextual Documents
250 _a1st ed /
260 _aCalcutta :
_bS. Chaudhuri ,
_c1957.
300 _a289p. :
_bill ;
_c24cm .
653 _aHistory - Sepoy Mutiny
942 _2ddc
_cBK
999 _c718
_d718